| 000 | 00808nam a22002538a 4500 | ||
|---|---|---|---|
| 001 | 016030310 | ||
| 005 | 20180128103215.0 | ||
| 008 | 120207s2013 enk 000 0 eng|d | ||
| 020 | _a0273769197 (pbk.) : | ||
| 020 | _a9780273769194 (pbk.) : | ||
| 082 | 0 | 4 |
_a004.22 _223 _bSTA |
| 100 | 1 |
_aStallings, William. _931000 |
|
| 245 | 1 | 0 |
_aComputer Organization and Architecture : _bDesigning for Performance / _cby William Stallings. |
| 250 | _a9th ed. | ||
| 260 |
_aHarlow : _bPearson Education, _c2013. |
||
| 300 |
_a786 p. ; _c24 cm. |
||
| 500 | _a"International ed"--cover. | ||
| 650 | 0 |
_aComputer organization. _931001 _2BUEsh |
|
| 650 | 0 |
_aComputer architecture. _931002 _2BUEsh |
|
| 651 | _2BUEsh | ||
| 653 |
_bCOMSCI _cSeptember2012 _cSeptember2013 |
||
| 655 |
_vText book _933728 |
||
| 942 |
_2ddc _cBB |
||
| 999 |
_c17037 _d17009 |
||